Szélben A Csomagokkal [vers] /
Elmentve itt :
| Szerző: | |
|---|---|
| Dokumentumtípus: | Cikk |
| Megjelent: |
1993
|
| Sorozat: | Tiszatáj
47 No. 5 |
| Kulcsszavak: | Magyar irodalom - vers - 1993 |
| Online Access: | http://tiszataj.bibl.u-szeged.hu/15313 |
| LEADER | 00588nab a2200181 i 4500 | ||
|---|---|---|---|
| 001 | tisza15313 | ||
| 005 | 20200330153823.0 | ||
| 008 | 170208s1993 hu o 0|| hun d | ||
| 022 | |a 0133-1167 | ||
| 040 | |a SZTE Tiszatáj Archívum |b hun | ||
| 041 | |a hun | ||
| 100 | 1 | |a Baránszky László | |
| 245 | 1 | 0 | |a Szélben A Csomagokkal |h [elektronikus dokumentum] : |b [vers] / |c Baránszky László |
| 260 | |c 1993 | ||
| 300 | |a 54 | ||
| 490 | 0 | |a Tiszatáj |v 47 No. 5 | |
| 695 | |a Magyar irodalom - vers - 1993 | ||
| 856 | 4 | 0 | |u http://tiszataj.bibl.u-szeged.hu/15313/1/tiszataj_1993_005_054a.pdf |z Dokumentum-elérés |